书目信息 |
| 题名: |
高科技时代社会发展理论探索
|
|
| 作者: | 孙维鑫 , 孙路 著 | |
| 分册: | ||
| 出版信息: | 广州 世界图书出版广东有限公司 2016 |
|
| 页数: | 301页 | |
| 开本: | 24cm | |
| 丛书名: | ||
| 单 册: | ||
| 中图分类: | K02 | |
| 科图分类: | ||
| 主题词: | 社会发展--she hui fa zhan--发展理论 | |
| 电子资源: | ||
| ISBN: | 978-7-5192-2266-6 | |
| 000 | 01079nam0 22002411 450 | |
| 001 | 0119171259 | |
| 005 | 20170619171259.0 | |
| 010 | @a978-7-5192-2266-6@dCNY60.00 | |
| 100 | @a20170418d2016 em y0chiy50 ea | |
| 101 | 0 | @achi |
| 102 | @aCN@b440000 | |
| 105 | @ay z 000yy | |
| 106 | @ar | |
| 200 | 1 | @a高科技时代社会发展理论探索@9gao ke ji shi dai she hui fa zhan li lun tan suo@f孙维鑫,孙路著 |
| 210 | @a广州@c世界图书出版广东有限公司@d2016 | |
| 215 | @a301页@d24cm | |
| 330 | @a全书是由三大部分组成的整体。1至12篇章属于基础理论部分;13至28篇章属于应用理论部分;29至36篇章属于拓展理论部分。三大部分相互联系,围绕“社会”的本质形态,结合如何解决就业矛盾,如何形成良好的生态环境,如何提高利益分配水平,如何消除战争实现长久和平等问题,组成了一个理论探索的系统。这些具有化解社会矛盾的作用,有益于社会由一元单向的管理朝向多元交互式治理的转化。 | |
| 606 | 0 | @a社会发展@9she hui fa zhan@x发展理论 |
| 690 | @aK02@v5 | |
| 701 | 0 | @a孙维鑫@9sun wei xin@f(1954-)@4著 |
| 701 | 0 | @a孙路@9sun lu@f(1981-)@4著 |
| 801 | 0 | @aCN@b百万庄@c20170616 |
| 905 | @b1012179-84@dK02@e121@f6 | |
| 高科技时代社会发展理论探索/孙维鑫,孙路著.-广州:世界图书出版广东有限公司,2016 |
| 301页;24cm |
| ISBN 978-7-5192-2266-6:CNY60.00 |
| 全书是由三大部分组成的整体。1至12篇章属于基础理论部分;13至28篇章属于应用理论部分;29至36篇章属于拓展理论部分。三大部分相互联系,围绕“社会”的本质形态,结合如何解决就业矛盾,如何形成良好的生态环境,如何提高利益分配水平,如何消除战争实现长久和平等问题,组成了一个理论探索的系统。这些具有化解社会矛盾的作用,有益于社会由一元单向的管理朝向多元交互式治理的转化。 |
| ● |
| 相关链接 |
|
|
|
|
正题名:高科技时代社会发展理论探索
索取号:K02/121
 
预约/预借
| 序号 | 登录号 | 条形码 | 馆藏地/架位号 | 状态 | 备注 |
| 1 | 1012179 | 210121795 | 第二样本阅览室/ [索取号:K02/121] | 在馆 | |
| 2 | 1012180 | 210121802 | 教育系资料室/ [索取号:K02/121] | 在馆 | |
| 3 | 1012181 | 210121811 | 教育系资料室/ [索取号:K02/121] | 在馆 | |
| 4 | 1012182 | 210121820 | 教育系资料室/ [索取号:K02/121] | 在馆 | |
| 5 | 1012183 | 210121839 | 第二借阅区/ [索取号:K02/121] | 在馆 | |
| 6 | 1012184 | 210121848 | 第二借阅区/ [索取号:K02/121] | 在馆 |